00321nam a2200097Ia 4500008004100000041000800041100003000049245008700079260003800166999001900204241105s9999 xx 000 0 und d aeng aLokhande Priyanka9182801 aLandscape Development For Temple Precinct And Forest Surrounding At Banshwar, Pune bM Arch Landscapp BNCA, Punec2015 c361092d361092